000 00680nam a22002057a 4500
005 20251108172915.0
008 250721s2003 xx 000 0 ara d
082 1 4 _a618.2/منص
100 1 _aمنصور، عبد المجيد سيد أحمد
245 1 0 _aموسوعة تنمية الطفل : الجنين و مخاطر ولادات /
264 1 _aالقاهرة :
_bدار قباء للنشر و التوزيع،
_c2003.
300 _a181 ص.
490 0 _aالطفل العادي
_v2
650 1 7 _aالحمل
650 1 7 _aرعاية الحمل
650 1 7 _aالولادة
700 1 _aالشربيني، زكريا أحمد
942 _2ddc
_cBK
999 _c91484
_d91484